000 00724nam a2200265Ia 4500
003 OSt
005 20220918164958.0
006 a|||||r|||| 00| 0
007 ta
008 220917b |||||||| |||| 00| 0 eng d
020 _a0830213104
024 _a252,243
037 _cTextual
040 _aARTS
_cARTS
_beng
041 _2eng
_aeng
082 _aY773:45:65, M0
100 _aBraswell Michael
_921982
245 0 _aCases in corrections
260 _aSanta
_bMonica Goodyear Publishing USA
_c1980
300 _axvii,222p.
_ccm.
650 _aSOCIOLOGY
700 _a Fletcher Tyler
_921983
942 _hY773:45:65, M0
_cTEXL
_2CC
999 _c127693
_d127693